000 00796nam a2200229Ia 4500
001 15867
003 GE_BSU
008 181216s||||||||xx |||||||||||||| ||und||
040 _cGE_BSU
080 _a821.353.1-1
100 _aჭელიძე, ოთარ
245 _aერთტომეული
245 _bლექსები და ბალადები. პოემა
245 _cრედ.თ.დაუშვილი. მხ. დ.დუნდუა
260 _aთბილისი
260 _bსაბჭ. საქართველო
260 _c1981
300 _a342გვ. : პორტრ. ; 19სმ
653 _aერთტომეული
653 _aლექსები და ბალადები. პოემა
942 _cBK
999 _c48964
_d48964